000
00261nam a22001097a 4500
082
_a
370/AGG
100
_a
Aggarwal,Dr. R.N.
_9
83997
245
_a
Development education in india
260
_a
Delhi
_b
Shivani book agency
_c
2021
650
_a
Education
942
_c
BK
999
_c
69014
_d
69014